| 000 | 00361 a2200157 4500 | ||
|---|---|---|---|
| 001 | 120272 | ||
| 020 | _a9780131811232 | ||
| 040 | _cEscola Canadense de Niteroi | ||
| 245 | 1 | 0 | _aEnvironmental Science |
| 250 | _aTeacher's Edition | ||
| 300 |
_a231 p. _bil. |
||
| 362 | 0 | _a2009 | |
| 490 | 0 | _aPrentice Hall Science Explorer | |
| 650 | 4 | _aScience | |
| 942 | _cBK | ||
| 999 |
_c120272 _d120272 |
||